[Event "Irish Championship 2017"]
[Site "Ennis IRL"]
[Date "2017.08.02"]
[Round "5.4"]
[White "Wall, Gavin"]
[Black "Fox, Anthony"]
[Result "1/2-1/2"]
[WhiteTitle "IM"]
[WhiteElo "2329"]
[BlackElo "2016"]
[WhiteICU "2290"]
[BlackICU "1968"]
[WhiteClub "Richmond ENG"]
[BlackClub "Dun Laoghaire"]
[WhiteNationality "IRL"]
[BlackNationality "IRL"]
[WhiteFideId "2501244"]
[BlackFideId "2500736"]
[PlyCount "187"]
[EventDate "2017.07.29"]

{ Event information: <a
href="https://www.irlchess.com/irlch2017_allfiles/pairings_irlch2017.html">Tournament
report</a>. }

1. e4 e5 2. Nf3 Nc6 3. Bc4 Nf6 4. d3 Be7 5. O-O O-O 6. Re1 d6 7. a4 Be6 8.
Nbd2 Qd7 9. a5 a6 10. c3 h6 11. Nf1 Rfe8 12. Ng3 Bf8 13. Bb3 Bxb3 14. Qxb3
d5 15. h3 Rab8 16. Be3 dxe4 17. dxe4 Qe6 18. Qa4 Red8 19. Nd2 Bc5 20. Nb3
Bxe3 21. Rxe3 g6 22. Nc5 Qe8 23. b4 Ne7 24. Qb3 Kg7 25. Rf3 Rd6 26. Nf1 Nd7
27. Nd3 Ng8 28. Nd2 Ngf6 29. Re3 Qe6 30. Qc2 Qe7 31. Nb3 c6 32. c4 Rd8 33.
Qc3 Re8 34. c5 Re6 35. Nd2 Kh7 36. Nc4 Rb8 37. Rd1 Ne8 38. g3 f6 39. f4 Ng7
40. Nd6 Qf8 41. Nf2 exf4 42. gxf4 Re7 43. Kh2 Nh5 44. Rf3 Qg7 45. Rg1 Qh8
46. Qd3 Nf8 47. Rg4 Rd8 48. Rh4 Qg8 49. e5 f5 50. Qc2 Ng7 51. Ng4 fxg4 52.
hxg4 Qe6 53. Rfh3 Rxd6 54. cxd6 Rd7 55. Rxh6+ Kg8 56. Rh8+ Kf7 57. Rg3 Qd5
58. Qf2 Ke8 59. Rg2 Rf7 60. Qa7 Ne6 61. Rf2 Nd8 62. Qe3 Ne6 63. f5 gxf5 64.
gxf5 Nd4 65. Rh5 Rh7 66. Rxh7 Nxh7 67. Qg3 Nf8 68. Qf4 Nd7 69. e6 Nf6 70.
d7+ Ke7 71. Qc7 Qe5+ 72. Qxe5 Ng4+ 73. Kg3 Nxe5 74. f6+ Kd8 75. e7+ Kxd7
76. Rd2 c5 77. bxc5 Nc6 78. Kf4 Ke8 79. Rh2 Nxe7 80. fxe7 Kxe7 81. Ke4 $4 (
81. Rb2 $18) 81... Nb3 82. Kd5 Nxa5 { Tablebase draw. } 83. Rh7+ Kd8 84.
Kd6 Nc4+ 85. Ke6 Kc8 86. Rh4 Na5 87. Kd6 Kb8 88. Rh8+ Ka7 89. Rg8 Nb3 $2 (
89... Nc6 $1 { is the only move to draw, per tablebases. }) 90. Rg3 $2 (90.
Rg4 $1 $18 (90. Rg7 { also wins })) 90... Nd4 91. Rd3 Nc6 92. Kc7 a5 $1 {
The only move to draw. } 93. Rb3 Nb4 94. Ra3 1/2-1/2

[Event "Irish Championship 2017"]
[Site "Ennis IRL"]
[Date "2017.08.02"]
[Round "5.5"]
[White "Melaugh, Shane"]
[Black "Delaney, Killian"]
[Result "0-1"]
[WhiteElo "1985"]
[BlackElo "2247"]
[WhiteICU "1929"]
[BlackICU "2179"]
[WhiteClub "Elm Mount"]
[BlackClub "Gonzaga"]
[WhiteNationality "IRL"]
[BlackNationality "IRL"]
[WhiteFideId "2509580"]
[BlackFideId "2501570"]
[PlyCount "116"]
[EventDate "2017.07.29"]

{ Event information: <a
href="https://www.irlchess.com/irlch2017_allfiles/pairings_irlch2017.html">Tournament
report</a>. }

1. e4 c6 2. d4 d5 3. exd5 cxd5 4. Bd3 Nc6 5. c3 Qc7 6. Ne2 Bg4 7. Bf4 Qxf4
8. Nxf4 Bxd1 9. Kxd1 e6 10. Re1 Nf6 11. h3 Bd6 12. Ne2 O-O 13. Nd2 Rab8 14.
Nf3 b5 15. a3 Rfc8 16. Nc1 Na5 17. b4 Nc4 18. Kc2 a5 19. Bxc4 Rxc4 20. Nd2
Rc7 21. Nd3 Rbc8 22. Nc5 Nd7 23. Ndb3 a4 24. Nd2 Re8 25. Re2 Bf4 26. Nf1
Nb6 27. g3 Bh6 28. f4 g6 29. Nd2 Bf8 30. Rb1 Bd6 31. Rf1 Rce7 32. Rfe1 f6
33. Nxe6 Kf7 34. f5 gxf5 35. Nf4 Rxe2 36. Rxe2 Rg8 37. Re3 Bxf4 38. gxf4
Rg2 39. Kc1 h5 40. Rf3 h4 41. Kd1 Nc4 42. Nxc4 bxc4 43. Re3 Ra2 44. Re2
Rxa3 45. Rb2 Rxc3 46. b5 a3 47. Rb4 Rb3 48. Ra4 Rxh3 49. b6 Rb3 50. Ra7+
Kg6 51. b7 h3 52. Rxa3 Rxb7 53. Rxh3 Rb3 54. Rxb3 cxb3 55. Kd2 Kh5 56. Kc3
Kg4 57. Kxb3 Kxf4 58. Kb4 Ke4 0-1

[Event "Irish Championship 2017"]
[Site "Ennis IRL"]
[Date "2017.08.02"]
[Round "5.6"]
[White "Quinn, Rory"]
[Black "Tirziman, Rudolf"]
[Result "1-0"]
[WhiteElo "2140"]
[BlackElo "1926"]
[WhiteICU "2089"]
[BlackICU "1913"]
[WhiteClub "Ennis"]
[BlackClub "Blanchardstown"]
[WhiteNationality "IRL"]
[BlackNationality "IRL"]
[WhiteFideId "2501643"]
[BlackFideId "2508664"]
[PlyCount "67"]
[EventDate "2017.07.29"]

{ Event information: <a
href="https://www.irlchess.com/irlch2017_allfiles/pairings_irlch2017.html">Tournament
report</a>. }

1. e4 e6 2. d4 d5 3. Nc3 Bb4 4. e5 Ne7 5. Qg4 c5 6. dxc5 Nbc6 7. Bd2 O-O 8.
O-O-O b6 9. Bg5 Qe8 10. Bb5 Bxc3 11. Bxc6 Qxc6 12. Bxe7 Bxe5 13. Nf3 Qc7
14. Bxf8 Bf4+ 15. Kb1 Kxf8 16. g3 Bh6 17. c6 Qxc6 18. Ne5 Qc7 19. Qh5 Ba6
20. Rhe1 Rc8 21. c3 Qe7 22. f4 Bc4 23. Ng4 Qd7 24. Nxh6 gxh6 25. Qxh6+ Ke8
26. b3 Bxb3 27. axb3 Rxc3 28. Kb2 Rxb3+ 29. Kxb3 Qb5+ 30. Kc3 Qc4+ 31. Kd2
Qd4+ 32. Ke2 Qe4+ 33. Kf2 Qc2+ 34. Kg1 1-0

[Event "Irish Championship 2017"]
[Site "Ennis IRL"]
[Date "2017.08.02"]
[Round "5.7"]
[White "MacElligott, Gerard"]
[Black "Scott, Luke"]
[Result "1-0"]
[WhiteTitle "CM"]
[WhiteElo "2015"]
[BlackElo "1682"]
[WhiteICU "1959"]
[BlackICU "1798"]
[WhiteClub "Elm Mount"]
[BlackClub "Blanchardstown"]
[WhiteNationality "IRL"]
[BlackNationality "IRL"]
[WhiteFideId "2500647"]
[BlackFideId "2507986"]
[PlyCount "62"]
[EventDate "2017.07.29"]

{ Event information: <a
href="https://www.irlchess.com/irlch2017_allfiles/pairings_irlch2017.html">Tournament
report</a>. }

1. Nf3 Nf6 2. g3 b5 3. Bg2 Bb7 4. O-O e6 5. d3 d5 6. Nbd2 h6 7. Qe1 Be7 8.
e4 O-O 9. Qe2 c5 10. e5 Nfd7 11. h4 Nc6 12. Re1 Qc7 13. Nf1 Rfc8 14. Bf4
Qd8 15. h5 c4 16. d4 b4 17. N1h2 a5 18. Ng4 Bf8 19. Qe3 Kh7 20. Ngh2 Ne7
21. g4 a4 22. a3 c3 23. Bf1 Nb6 24. Bd3+ Kh8 25. bxc3 bxa3 26. g5 Ng8 27.
Ng4 Rxc3 28. Qd2 Rac8 29. gxh6 Nxh6 30. Bxh6 gxh6 31. Nxh6 Qe7 1-0

[Event "Irish Championship 2017"]
[Site "Ennis IRL"]
[Date "2017.08.02"]
[Round "5.8"]
[White "Mirza, Diana"]
[Black "Melaugh, Gavin"]
[Result "0-1"]
[WhiteTitle "WFM"]
[WhiteElo "1901"]
[BlackElo "1936"]
[WhiteICU "1872"]
[BlackICU "1929"]
[WhiteClub "St. Michael's"]
[BlackClub "Elm Mount"]
[WhiteNationality "IRL"]
[BlackNationality "IRL"]
[WhiteFideId "2503999"]
[BlackFideId "2509571"]
[PlyCount "194"]
[EventDate "2017.07.29"]

{ Event information: <a
href="https://www.irlchess.com/irlch2017_allfiles/pairings_irlch2017.html">Tournament
report</a>. }

1. e4 e6 2. d3 d5 3. Nd2 Nf6 4. Ngf3 Nc6 5. g3 Bc5 6. Bg2 dxe4 7. dxe4 e5
8. O-O O-O 9. Qe2 Qe7 10. c3 a5 11. a4 b6 12. Nc4 Ba6 13. b3 b5 14. axb5
Bxb5 15. Bg5 Qe6 16. Bxf6 Qxf6 17. Nfd2 Rfd8 18. Rfd1 a4 19. bxa4 Rxa4 20.
Rxa4 Bxa4 21. Rc1 Bb5 22. Qe1 Ne7 23. Ne3 Qg5 24. Ndc4 h5 25. h4 Qf6 26.
Rb1 Bxc4 27. Nxc4 g6 28. Qe2 Nc8 29. Ne3 Bxe3 30. Qxe3 Nb6 31. Bf1 Qc6 32.
Bb5 Qd6 33. c4 Qd4 34. Qe2 Qc5 35. Qe3 Rd4 36. Rc1 c6 37. Ba6 Qa5 38. c5
Qxa6 39. cxb6 Qxb6 40. Qc3 Rxe4 41. Qxc6 Qxc6 42. Rxc6 Kg7 43. Kg2 Rd4 44.
Rb6 Rd7 45. Kf3 f5 46. Ke3 Re7 47. Ra6 Kf7 48. Rb6 Re6 49. Rb7+ Kf6 50. Ra7
Rb6 51. Ra4 g5 52. hxg5+ Kxg5 53. f4+ $2 (53. Kf3 $10 { is much simpler. })
53... Kg4 54. fxe5+ Kxg3 55. Kd4 $2 (55. Ra8 $1 { is the now only move to
draw, per tablebases. }) 55... f4 $2 (55... h4 $1 { is the only move to win
}) 56. Ra3+ $2 (56. Ra8 $1 $10) 56... f3 $19 57. Ke4 Rb4+ 58. Kd5 h4 59. e6
Kg2 60. Ra8 Rb7 $2 (60... f2 $1 $19 (60... Rb5+ { also wins })) 61. Rg8+
Kh2 62. Rf8 Kg3 63. Rg8+ Kf4 64. Rf8+ $4 (64. Rh8 $10) 64... Ke3 65. Rf7
Rb8 66. e7 Re8 67. Kd6 f2 68. Kd7 Rxe7+ 69. Rxe7+ Kf3 70. Rf7+ Kg2 71. Rg7+
Kf1 72. Rh7 h3 73. Kd6 Ke2 74. Re7+ Kd3 75. Rf7 h2 76. Rxf2 h1=Q 77. Rf6
Qa1 78. Ke7 Kd4 79. Kf7 Ke5 80. Kg7 Qb1 81. Rg6 Qb7+ 82. Kh6 Kf5 83. Rg5+
Kf4 84. Rg6 Qe4 85. Kg7 Qe5+ 86. Kh7 Kf5 87. Rg7 Qh2+ 88. Kg8 Kf6 89. Rf7+
Ke6 90. Rg7 Qb8+ 91. Kh7 Kf6 92. Rg6+ Kf5 93. Rg7 Qe8 94. Rg8 Qf7+ 95. Rg7
Qh5+ 96. Kg8 Kf6 97. Kf8 Qh6 0-1

[Event "Irish Championship 2017"]
[Site "Ennis IRL"]
[Date "2017.08.03"]
[Round "6.1"]
[White "Short, Philip"]
[Black "O'Donnell, Conor"]
[Result "1-0"]
[WhiteTitle "FM"]
[BlackTitle "FM"]
[WhiteElo "2283"]
[BlackElo "2389"]
[WhiteICU "2287"]
[BlackICU "2361"]
[BlackClub "Gonzaga"]
[WhiteNationality "IRL"]
[BlackNationality "IRL"]
[WhiteFideId "2500086"]
[BlackFideId "2504243"]
[PlyCount "109"]
[EventDate "2017.07.29"]

{ Event information: <a
href="https://www.irlchess.com/irlch2017_allfiles/pairings_irlch2017.html">Tournament
report</a>. }

1. d4 d5 2. c4 e6 3. Nc3 c6 4. e3 Nf6 5. Nf3 Nbd7 6. Qc2 Bd6 7. Bd3 O-O 8.
O-O dxc4 9. Bxc4 b5 10. Be2 Bb7 11. a3 a5 12. b3 Qb8 13. h3 b4 14. axb4
axb4 15. Rxa8 Bxa8 16. Na4 c5 17. Bb2 cxd4 18. Bxd4 Rc8 19. Qb1 Be4 20. Qa1
Bd5 21. Nd2 Qb7 22. Bf3 Bxf3 23. Nxf3 Qd5 24. Qb1 Ne4 25. Rd1 Qc6 26. Bb2
Nc3 27. Nxc3 bxc3 28. Bxc3 Qxc3 29. Rxd6 Nf6 30. Rd3 Qb4 31. Rd4 Qa3 32.
Rc4 Rb8 33. Qc2 Qa6 34. Nd4 Nd5 35. Nc6 Re8 36. e4 Nb6 37. Rc5 Qa1+ 38. Kh2
g6 39. Ra5 Qf6 40. Ra7 e5 41. Rb7 Nc8 42. Rb8 Nd6 43. Rxe8+ Nxe8 44. Nb4
Qb6 45. Nd5 Qb5 46. Qc8 Kg7 47. Qd8 h5 48. Qe7 Qb8 49. b4 Kg8 50. Qxe8+
Qxe8 51. Nf6+ Kf8 52. Nxe8 Kxe8 53. Kg3 Kd7 54. f4 Kd6 55. fxe5+ 1-0

[Event "Irish Championship 2017"]
[Site "Ennis IRL"]
[Date "2017.08.03"]
[Round "6.2"]
[White "Delaney, Killian"]
[Black "Baburin, Alexander"]
[Result "1/2-1/2"]
[BlackTitle "GM"]
[WhiteElo "2247"]
[BlackElo "2473"]
[WhiteICU "2179"]
[BlackICU "2419"]
[WhiteClub "Gonzaga"]
[BlackClub "Kilkenny"]
[WhiteNationality "IRL"]
[BlackNationality "IRL"]
[WhiteFideId "2501570"]
[BlackFideId "2500914"]
[PlyCount "73"]
[EventDate "2017.07.29"]

{ Event information: <a
href="https://www.irlchess.com/irlch2017_allfiles/pairings_irlch2017.html">Tournament
report</a>. }

1. e4 Nf6 2. e5 Nd5 3. d4 d6 4. Nf3 g6 5. Bc4 c6 6. O-O Bg7 7. exd6 Qxd6 8.
c3 O-O 9. h3 b5 10. Bb3 Nd7 11. Nbd2 e6 12. Ne4 Qc7 13. Re1 Bb7 14. Bg5 c5
15. dxc5 Nxc5 16. Bxd5 Bxd5 17. Nf6+ Bxf6 18. Bxf6 Qf4 19. Be5 Bxf3 20.
Bxf4 Bxd1 21. Raxd1 Rfd8 22. Bg5 Rxd1 23. Rxd1 Na4 24. Bf6 Nb6 25. Kf1 Nd5
26. Bd4 a6 27. a4 f6 28. Ra1 e5 29. Be3 Rd8 30. axb5 axb5 31. Ke2 Rd7 32.
Ra8+ Kf7 33. Rb8 Nc7 34. Bb6 Nd5 35. Be3 Nc7 36. Bb6 Nd5 37. Be3 1/2-1/2

[Event "Irish Championship 2017"]
[Site "Ennis IRL"]
[Date "2017.08.03"]
[Round "6.3"]
[White "Quinn, Rory"]
[Black "Lopez, Alex"]
[Result "0-1"]
[BlackTitle "IM"]
[WhiteElo "2140"]
[BlackElo "2431"]
[WhiteICU "2089"]
[BlackICU "2441"]
[WhiteClub "Ennis"]
[WhiteNationality "IRL"]
[BlackNationality "IRL"]
[WhiteFideId "2501643"]
[BlackFideId "2501430"]
[PlyCount "76"]
[EventDate "2017.07.29"]

{ Event information: <a
href="https://www.irlchess.com/irlch2017_allfiles/pairings_irlch2017.html">Tournament
report</a>. } { Reference: <a
href="http://www.irishchesscogitations.com/blog/baburin-set-to-win-2017-irish-championships/">BABURIN
SET TO WIN 2017 IRISH CHAMPIONSHIPS?</a>, Colm Daly, Irish Chess
Cogitations blog, August 4, 2017. }

1. e4 c6 2. d4 d5 3. f3 Qb6 4. Nc3 dxe4 5. Bc4 Nf6 6. Bb3 Nbd7 7. Bf4 Nd5
8. Nxd5 cxd5 9. fxe4 Qg6 10. Qd2 Qxe4+ 11. Ne2 Qe6 12. O-O Nb6 13. Nc3 Bd7
14. a4 Bc6 15. a5 Nc8 16. Bxd5 Qd7 17. Bb3 e6 18. d5 exd5 19. Nxd5 Bc5+ 20.
Be3 Bd6 21. Bd4 f6 22. Rfe1+ (22. Bxf6 $18) (22. Rae1+ Kd8 23. Rxf6 $18)
22... Kd8 23. Rad1 (23. a6 $18) 23... Re8 24. Rxe8+ Qxe8 25. Nf4 Kc7 26.
Ne6+ Kb8 27. Be3 (27. Nxg7 $18) 27... g5 28. Bc5 (28. a6 $18) 28... Be5 29.
Re1 Qd7 30. Qb4 b6 31. a6 Bb5 32. Nf8 Qc6 33. Bf2 Bxa6 34. Rd1 $6 (34. Qg4
$16) 34... Bb7 35. Nd7+ Kc7 36. Bd5 $4 (36. Qg4 $14) 36... Qxd7 37. Qc4+
Bc6 38. Bf3 Nd6 0-1

[Event "Irish Championship 2017"]
[Site "Ennis IRL"]
[Date "2017.08.03"]
[Round "6.4"]
[White "Wall, Gavin"]
[Black "Daly, Colm"]
[Result "1/2-1/2"]
[WhiteTitle "IM"]
[BlackTitle "FM"]
[WhiteElo "2329"]
[BlackElo "2301"]
[WhiteICU "2290"]
[BlackICU "2268"]
[WhiteClub "Richmond ENG"]
[BlackClub "Bray/Greystones"]
[WhiteNationality "IRL"]
[BlackNationality "IRL"]
[WhiteFideId "2501244"]
[BlackFideId "2500434"]
[PlyCount "113"]
[EventDate "2017.07.29"]

{ Event information: <a
href="https://www.irlchess.com/irlch2017_allfiles/pairings_irlch2017.html">Tournament
report</a>. } { Reference: <a
href="http://www.irishchesscogitations.com/blog/baburin-set-to-win-2017-irish-championships/">BABURIN
SET TO WIN 2017 IRISH CHAMPIONSHIPS?</a>, Colm Daly, Irish Chess
Cogitations blog, August 4, 2017. }

1. d4 d5 2. Bf4 Nf6 3. e3 e6 4. Nf3 Bd6 5. Ne5 O-O 6. Bd3 b6 7. Nd2 Bb7 8.
Qf3 c5 9. c3 a5 10. g4 Nc6 11. Qh3 cxd4 12. exd4 g6 13. Ndf3 Qc7 14. Bg3
Kg7 $2 (14... Ba6 $10) 15. g5 $16 Nh5 16. O-O-O $2 (16. Ng4 $16) 16... a4 (
16... Nxd4 $1 $10) 17. Nxc6 Qxc6 18. Bxd6 Qxd6 19. a3 Qf4+ 20. Kb1 Ba6 21.
Rhe1 Bxd3+ 22. Rxd3 Rae8 23. Rde3 Rh8 24. Qf1 h6 25. gxh6+ Rxh6 26. Qb5 Nf6
27. Qxa4 Rh3 28. Ng1 Rxh2 29. Rf3 Qg4 $2 (29... Qh4 $17) 30. Rxf6 Kxf6 31.
Qxe8 Qf5+ 32. Ka2 Qxf2 33. Rb1 $2 (33. Rxe6+ $1 fxe6 34. Qf8+ Kg5 35. Nh3+
$18) 33... Rh1 34. Qd8+ Kf5 35. Qc7 f6 36. Ne2 Rxb1 37. Ng3+ Kg4 38. Kxb1
Qxg3 39. Qxb6 Qe3 $2 (39... Qe1+ $17) 40. a4 $10 f5 41. a5 f4 42. a6 f3 43.
a7 f2 44. Qa6 Qe1+ 45. Ka2 f1=Q 46. Qxf1 Qxf1 47. a8=Q g5 48. b4 Qd3 49.
Qc8 Kf5 50. Qc7 Kg6 51. Qc8 Qe2+ 52. Ka3 g4 53. b5 Qxb5 54. Qxe6+ Kg5 55.
Qe5+ Kh4 56. Qh2+ Kg5 57. Qe5+ 1/2-1/2

[Event "Irish Championship 2017"]
[Site "Ennis IRL"]
[Date "2017.08.03"]
[Round "6.5"]
[White "Li, Henry"]
[Black "Fox, Anthony"]
[Result "1-0"]
[WhiteElo "2247"]
[BlackElo "2016"]
[WhiteICU "2172"]
[BlackICU "1968"]
[WhiteClub "Gonzaga"]
[BlackClub "Dun Laoghaire"]
[WhiteNationality "IRL"]
[BlackNationality "IRL"]
[WhiteFideId "2508524"]
[BlackFideId "2500736"]
[PlyCount "81"]
[EventDate "2017.07.29"]

{ Event information: <a
href="https://www.irlchess.com/irlch2017_allfiles/pairings_irlch2017.html">Tournament
report</a>. }

1. e4 e5 2. Nf3 Nc6 3. Bb5 a6 4. Ba4 Nf6 5. O-O Be7 6. Re1 b5 7. Bb3 d6 8.
c3 O-O 9. h3 Bb7 10. d4 Re8 11. Nbd2 Bf8 12. a4 h6 13. Bc2 exd4 14. cxd4
Nb4 15. Bb1 c5 16. d5 Nd7 17. Ra3 c4 18. axb5 axb5 19. Nd4 Rxa3 20. bxa3
Nd3 21. Bxd3 cxd3 22. Re3 Nc5 23. Bb2 g6 24. h4 Qxh4 25. Nxb5 Qd8 26. Qf3
Ba6 27. Na7 Bg7 28. Nc6 Qc7 29. Bxg7 Kxg7 30. Qf4 Bb5 31. Nd4 Ba6 32. Rh3
Rh8 33. Rg3 Bc8 34. Nb5 Qe7 35. Nxd6 Bd7 36. e5 Ra8 37. Qd4 Ra4 38. N2c4
Nb3 39. Qxd3 Nc5 40. Qd4 Kh7 41. Qxc5 1-0

[Event "Irish Championship 2017"]
[Site "Ennis IRL"]
[Date "2017.08.03"]
[Round "6.6"]
[White "Melaugh, Gavin"]
[Black "MacElligott, Gerard"]
[Result "0-1"]
[BlackTitle "CM"]
[WhiteElo "1936"]
[BlackElo "2015"]
[WhiteICU "1929"]
[BlackICU "1959"]
[WhiteClub "Elm Mount"]
[BlackClub "Elm Mount"]
[WhiteNationality "IRL"]
[BlackNationality "IRL"]
[WhiteFideId "2509571"]
[BlackFideId "2500647"]
[PlyCount "120"]
[EventDate "2017.07.29"]

{ Event information: <a
href="https://www.irlchess.com/irlch2017_allfiles/pairings_irlch2017.html">Tournament
report</a>. }

1. c4 g6 2. Nc3 c5 3. g3 Bg7 4. Bg2 Nc6 5. e3 e5 6. Nge2 Nge7 7. d3 d6 8.
O-O O-O 9. a3 Be6 10. Nd5 a5 11. Nec3 f5 12. f4 Rb8 13. Rb1 b6 14. Bd2 Qd7
15. Nxe7+ Nxe7 16. Nd5 Nxd5 17. cxd5 Bf7 18. b4 axb4 19. axb4 Ra8 20. e4
Ra3 21. bxc5 bxc5 22. Bc1 Ra4 23. fxe5 Bxe5 24. Bb2 Bd4+ 25. Bxd4 Rxd4 26.
Qc2 Qe7 27. Rb6 c4 28. Qc3 Rxd3 29. Qxc4 Qa7 30. Qxd3 Qxb6+ 31. Kh1 fxe4
32. Qxe4 Qb7 33. Rb1 Qc7 34. Bh3 Re8 35. Be6 Qe7 36. Re1 Rb8 37. Qf4 Kg7
38. Qd4+ Kg8 39. Qf4 Kg7 40. Qxf7+ Qxf7 41. Bxf7 Kxf7 42. Re6 Rb5 43. Rxd6
Ke7 44. Re6+ Kf7 45. Rd6 Ke7 46. Re6+ Kf7 47. Ra6 Rxd5 48. Ra7+ Kf6 49.
Rxh7 Rd2 50. Kg1 Kg5 51. Rf7 Kg4 52. Rf2 Rxf2 53. Kxf2 Kh3 54. Kf3 g5 55.
Ke4 Kxh2 56. g4 $4 (56. Kf5 $10) 56... Kg3 57. Ke3 Kxg4 58. Kf2 Kh3 59. Kg1
g4 60. Kh1 g3 0-1

[Event "Irish Championship 2017"]
[Site "Ennis IRL"]
[Date "2017.08.03"]
[Round "6.7"]
[White "Tirziman, Rudolf"]
[Black "Melaugh, Shane"]
[Result "1/2-1/2"]
[WhiteElo "1926"]
[BlackElo "1985"]
[WhiteICU "1913"]
[BlackICU "1929"]
[WhiteClub "Blanchardstown"]
[BlackClub "Elm Mount"]
[WhiteNationality "IRL"]
[BlackNationality "IRL"]
[WhiteFideId "2508664"]
[BlackFideId "2509580"]
[PlyCount "127"]
[EventDate "2017.07.29"]

{ Event information: <a
href="https://www.irlchess.com/irlch2017_allfiles/pairings_irlch2017.html">Tournament
report</a>. }

1. e4 d6 2. Nc3 Nf6 3. Nge2 e5 4. g3 Nc6 5. Bg2 g6 6. d3 Bg7 7. h3 Be6 8.
Nd5 O-O 9. Be3 Ne7 10. Nxf6+ Bxf6 11. Bh6 Bg7 12. Qd2 d5 13. Nc3 d4 14. Ne2
Qd6 15. a3 Qb6 16. b3 Qc5 17. Bxg7 Kxg7 18. g4 a5 19. Ng3 f6 20. O-O g5 21.
Nf5+ Bxf5 22. gxf5 Ra6 23. Rfb1 Rc6 24. Ra2 Qc3 25. Qe2 Nc8 26. Kh2 Nd6 27.
Rh1 Qc5 28. a4 b5 29. axb5 Qxb5 30. Kg3 Qb4 31. h4 Ra8 32. hxg5 fxg5 33.
Qh5 Nf7 34. Qxh7+ Kf8 35. Qh5 Qd2 36. Qf3 Rxc2 37. Rxc2 Qxc2 38. f6 Qd2 39.
Qf5 Qf4+ 40. Qxf4 gxf4+ 41. Kg4 Rb8 42. Rc1 Rxb3 43. Rxc7 Nd6 44. Rc6 Ne8
45. Kg5 Rxd3 46. Kg6 Rd1 47. f7 $2 (47. Bf1 $1 $18) 47... Rg1 $10 48.
fxe8=Q+ Kxe8 49. Kf5 Rxg2 50. Kxe5 Rxf2 51. Kxd4 a4 52. Rc3 f3 53. Ke3 $4 (
53. Rd3 $1 $10) (53. Ke5 $1) 53... Rh2 $4 (53... Rb2 $1 $19) 54. Rc1 f2 55.
Kf3 Rh4 56. Kxf2 Rxe4 57. Kf3 Rb4 58. Ke3 Kd7 59. Kd3 Kd6 60. Rc4 Rb3+ 61.
Kc2 Ra3 62. Kb2 Rb3+ 63. Ka2 Kd5 64. Rxa4 1/2-1/2

[Event "Irish Championship 2017"]
[Site "Ennis IRL"]
[Date "2017.08.03"]
[Round "6.8"]
[White "Mirza, Diana"]
[Black "Scott, Luke"]
[Result "1-0"]
[WhiteTitle "WFM"]
[WhiteElo "1901"]
[BlackElo "1682"]
[WhiteICU "1872"]
[BlackICU "1798"]
[WhiteClub "St. Michael's"]
[BlackClub "Blanchardstown"]
[WhiteNationality "IRL"]
[BlackNationality "IRL"]
[WhiteFideId "2503999"]
[BlackFideId "2507986"]
[PlyCount "75"]
[EventDate "2017.07.29"]

{ Event information: <a
href="https://www.irlchess.com/irlch2017_allfiles/pairings_irlch2017.html">Tournament
report</a>. }

1. Nf3 Nf6 2. g3 b5 3. Bg2 Bb7 4. d3 e6 5. O-O d5 6. e4 c5 7. exd5 Nxd5 8.
Ne5 Nc6 9. Nxc6 Bxc6 10. c4 Nb4 11. Bxc6+ Nxc6 12. cxb5 Nd4 13. Nc3 Qd7 14.
a4 Be7 15. Be3 O-O 16. Bxd4 Qxd4 17. Qe2 Rfd8 18. Rfd1 Rd7 19. a5 Rb8 20.
Ra4 Qd6 21. Qg4 Qc7 22. Qe4 Bf6 23. b6 axb6 24. a6 b5 25. a7 bxa4 26. a8=Q
Rxa8 27. Qxa8+ Qd8 28. Qxa4 g6 29. Qb5 Bd4 30. Ne4 Rd5 31. Rc1 Qe7 32. Ra1
h5 33. Ra8+ Kg7 34. Qb8 Kh6 35. Ra7 Rd7 36. Rxd7 Qxd7 37. Qf8+ Kh7 $4 (
37... Bg7 $14) 38. Ng5# 1-0

[Event "Irish Championship 2017"]
[Site "Ennis IRL"]
[Date "2017.08.04"]
[Round "7.1"]
[White "Baburin, Alexander"]
[Black "Short, Philip"]
[Result "0-1"]
[WhiteTitle "GM"]
[BlackTitle "FM"]
[WhiteElo "2473"]
[BlackElo "2283"]
[WhiteICU "2419"]
[BlackICU "2287"]
[WhiteClub "Kilkenny"]
[WhiteNationality "IRL"]
[BlackNationality "IRL"]
[WhiteFideId "2500914"]
[BlackFideId "2500086"]
[PlyCount "126"]
[EventDate "2017.07.29"]

{ Event information: <a
href="https://www.irlchess.com/irlch2017_allfiles/pairings_irlch2017.html">Tournament
report</a>. }

1. d4 f5 2. g3 Nf6 3. Bg2 g6 4. Nf3 Bg7 5. O-O O-O 6. b3 d6 7. Bb2 Ne4 8.
Nbd2 Nc6 9. c4 Nxd2 10. Qxd2 e5 11. d5 Ne7 12. Ng5 h6 13. Ne6 Bxe6 14. dxe6
Qc8 15. Rad1 Rb8 16. Qa5 b6 17. Qxa7 e4 18. Bxg7 Kxg7 19. Qa3 Qxe6 20. Qb2+
Qf6 21. Qxf6+ Rxf6 22. f3 exf3 23. Bxf3 g5 24. b4 Ng6 25. c5 dxc5 26. bxc5
Ne5 27. Rd5 Nxf3+ 28. Rxf3 Kg6 29. Ra3 Re8 30. Kf2 Rfe6 31. Rd2 Rc6 32.
cxb6 cxb6 33. Ra7 Ree6 34. Rb7 Kf6 35. h3 Kg6 36. Rb2 Kf6 37. g4 $6 { White
overpresses. } 37... f4 38. Rd2 Rc3 39. Rb2 Rxh3 40. a4 Rhe3 41. R7xb6 $2 (
41. R2xb6 $1 Rxe2+ 42. Kf3 $10) 41... Rxe2+ 42. Rxe2 Rxb6 43. Re4 Rb2+ 44.
Kf3 $2 Rb3+ $2 (44... h5 $1 { wins immediately. }) 45. Kf2 h5 46. gxh5 Kf5
47. Re8 Rb6 48. Rh8 g4 49. h6 g3+ 50. Ke2 Re6+ 51. Kf3 Re3+ 52. Kg2 Re2+
53. Kf1 g2+ 54. Kxe2 g1=Q 55. Rf8+ Ke5 56. Re8+ Kd6 57. Re4 Qg2+ 58. Kd3
Qg6 59. Kd4 Qxh6 60. Re2 Qg6 61. a5 Qf5 62. Rd2 Kc6 63. a6 Kb6 0-1